Cómo incrementar la calidad-productividad en su empresa
Tallennettuna:
| Päätekijä: | |
|---|---|
| Aineistotyyppi: | Kirja |
| Kieli: | espanja |
| Julkaistu: |
Ciudad de México
McGraw-Hill
1988
|
| Sarja: | Serie de Administración McGraw-Hill
|
| Aiheet: | |
| Tagit: |
Lisää tagi
Ei tageja, Lisää ensimmäinen tagi!
|
MARC
| LEADER | 00000nam a2200000 a 4500 | ||
|---|---|---|---|
| 001 | UCX4264 | ||
| 003 | CL-VaPUC | ||
| 008 | 920408e19880000MX |||||||||||||||||spa|d | ||
| 082 | 0 | 4 | |a 658.562 |b HAR |2 21 |
| 100 | |a Harrington, H. James |e author |9 594509 | ||
| 245 | 1 | 0 | |a Cómo incrementar la calidad-productividad en su empresa |
| 300 | |a 243 p | ||
| 942 | |c BK | ||
| 945 | |d 19920408 00:00:00 | ||
| 260 | |a Ciudad de México |b McGraw-Hill |c 1988 | ||
| 650 | 0 | |a Control de calidad |9 259714 | |
| 650 | 7 | |a CALIDAD DE LOS PRODUCTOS |2 CL-VaPUC |9 259810 | |
| 650 | 0 | |a Productividad industrial |9 263788 | |
| 583 | |a last modification |c 19920408 00:00:00 |k Rodrigo Vera | ||
| 490 | 0 | |a Serie de Administración McGraw-Hill | |
| 999 | |c 224769 |d 224767 | ||
| 952 | |0 0 |1 0 |4 0 |6 658_562000000000000_HAR_1988 |7 0 |8 A |9 221714 |a BIBENE |b BIBENE |d 2019-11-15 |i 2905744 |o 658.562 HAR 1988 |p 2905744 |r 2025-01-15 |w 2019-11-15 |y BK |k ICO | ||